000 01384cam a22002897a 4500
001 18116853
005 20150504161015.0
008 140415t2014 caua fr 001 0 eng d
020 _a0321956567
020 _a9780321956569
040 _aYDXCP
_cYDXCP
_dBTCTA
_dBDX
_dUKMGB
_dCDX
_dEINCP
_dTXI
_dCHVBK
_dOCLCO
_dDLC
_dEG-ScBUE
082 0 4 _a005.43768
_222
_bGRA
100 1 _aGrant, Kevin.
_937782
245 1 0 _aBeginning android programming :
_bdevelop and design /
_cKevin Grant and Chris Haseman.
260 _a[San Francisco] :
_bPeachpit Press,
_cc.2014.
300 _axv, 256 p. :
_bill. ( col.) ;
_c23 cm.
500 _aIndex : p. 246-256.
505 0 _aGetting started with Android -- Exploring the application basics -- Creating user interfaces -- Acquiring data -- Adapters, list views, and lists -- Background services -- Many devices, one application -- Movies and music -- Determining locations and using maps -- Tablets, fragments, and actions bars, oh my -- Advanced navigation -- Publishing your application -- Gradle, the new build system
630 0 7 _aAndroid (Electronic resource)
_2BUEsh
_937783
650 7 _aComputer programming.
_2BUEsh
_93821
650 7 _aApplication software
_xDevelopment.
_2BUEsh
_94599
651 _2BUEsh
653 _bCOMSCI
_cApril2015
655 _vreading book
_934232
700 1 _aHaseman, Chris.
_937784
942 _2ddc
_k005.43768 GRA
999 _c19244
_d19216